Active Riders With Most Stage Wins in Tour de France - Statistics

General Stats
  • This quiz has been taken 179 times
  • The average score is 10 of 19
Answer Stats
Country Rider No. of wins % Correct
Slovenia Tadej Pogacar 17
97%
Belgium Wout van Aert 9
81%
Slovenia Primoz Roglic 3
75%
Denmark Jonas Vingegaard 4
72%
Eritrea Biniam Girmay 3
56%
United Kingdom Chris Froome 7
55%
Belgium Jasper Philipsen 9
54%
United Kingdom Geraint Thomas 3
53%
France Julian Alaphilippe 6
51%
Slovenia Matej Mohoric 3
45%
Colombia Nairo Quintana 3
45%
Norway Alexander Kristoff 4
43%
France Romain Bardet 4
43%
Australia Caleb Ewan 5
39%
Australia Michael Matthews 4
37%
Portugal Rui Costa 3
37%
Netherlands Dylan Groenewegen 6
32%
Poland Rafal Majka 3
32%
Italy Matteo Trentin 3
14%
No matching quizzes found
Score Distribution
Percent of People with Each Score
Percentile by Number Answered
Your Score History
You have not taken this quiz